Demokrat Parti dönemi dış politikası (Record no. 2934)

MARC details
000 -BAŞLIK
Sabit Uzunlukta Kontrol Alanı 00714na a2200253 4500
001 - KONTROL NUMARASI
Denetim Alanı 18049
003 - KONTROL NUMARASI IDENTIFIER
Denetim Alanı MIRAKIL
005 - SON İŞLEM TARİHİ VE ZAMANI
Denetim Alanı 20181213154914.0
008 - SABİT-BOY VERİ ELEMANLARI - GENEL BİLGİLER
Sabit Uzunlukta Kontrol Alanı 161110b tu 000 0
020 ## - ULUSLARARASI STANDART KİTAP NUMARASI
Uluslararası Standart Kitap Numarası 975533002X
040 ## - KATALOGLAMA KAYNAK
Orijinal Kataloglama Ajansı Milas
Kataloglama Dili tur
Metne Dönüştürmek Ajansı TR-AnCHP
041 ## - DİL KODU
Metin / Ses Parça Veya Ayrı Başlığın Dil Kodu tur
082 ## - DEWEY ONLU SINIFLANDIRMA NUMARASI
Sınıflandırma Numarası 956.103
Ürün Numarası B23d 1990
090 ## - SINIFLAMA NUMARASI
Sınıflama Numarası 956.103 B23d 1990
100 ## - ANA GİRİŞ - KİŞİSEL İSİM
Kişisel Ad Bağcı, Hüseyin
245 ## - BAŞLIK TABLOSU
Başlık Demokrat Parti dönemi dış politikası
Sorumluluk Tablosu, Vb Hüseyin Bağcı
260 ## - YAYIN, DAĞITIM, VB
Yayın, Dağıtım, Vb Yeri Ankara
Yayıncı, Dağıtıcı, Vs Adı İmge
Yayın, Dağıtım, Vb Tarihi 1990
300 ## - FİZİKSEL TANIM
Kapsam 184 s.
Boyutlar 20 sm.
490 ## - SERİSİ TABLOSU
Seri Beyanı İmge Kitabevi yayınları
Hacim / Ardışık Tanımı 18
504 ## - KAYNAKÇA VB NOT
Kaynakça Vb Notu Kaynakça var.
610 ## - KONU KATMA GİRİŞ - TOPLANTI ADI
Giriş Elemanı Olarak Kurumsal Ad Veya Yargı Alanı Adı Demokrat Parti
Genel Alt Bölüm Tarih
Kronolojik Alt Bölüm Dış politika
650 ## - KONU KATMA GİRİŞ - TOPİKAL DÖNEM
Topikal Süreli Veya Coğrafi Ad Giriş Elemanı Tarih
Genel Alt Bölümü Dış politika
Kronolojik Alt Bölümü Demokrat Parti
942 ## - EKLENDİ GİRİŞ ELEMANLARI (KOHA)
Sınıflandırma Veya Raf Düzeni Kaynak Dewey Decimal Classification
Koha Öğesi Türü Books
999 ## - SİSTEM KONTROL NUMARALARI (KOHA)
Koha Biblionumber 2934
Koha Biblioitemnumber 2934
Holdings
Kalıcı Konum Mevcut Konum Edinme Tarihi Edinim Kaynak Toplam Check-Out'Lar Tam Çağrı Numarası Barkod Tarih Son Görülme İtibaren Geçerli Fiyatlar Koha Öğesi Türü
CHP Kütüphanesi CHP Kütüphanesi 11/10/2016 Bağış   956.103 B23d 1990 008564 11/10/2016 11/10/2016 Books